000 00586nam a2200193 4500
001 136022
003 ES-MaACL
007 t|
008 070214s1983 sp r ||||1| spa d
100 1 _aRuiz de Lira Huete, Carlos.
_9100759
245 1 0 _aElementos y circuitos eléctricos /
_cCarlos Ruiz de Lira Huete.
250 _a1ª ed.
260 _aMadrid :
_bAlhambra,
_c1983.
300 _aXV, 293 p. ;
_c23 cm.
490 1 _aZairos : Aula Politécnica ;
_v27
830 0 _aZairos : Aula Politécnica ;
_v27
_9219968
852 _aES-MaACL
_jL-8708
_bR.109165
999 _c136022
_d136022